[Event "31st World Senior 65+"]
[Site "Citta del Mare ITA"]
[Date "2023.11.03"]
[Round "9.4"]
[White "Vaganian, Rafael A"]
[Black "Martorelli, Antonio"]
[Result "1-0"]
[WhiteTitle "GM"]
[BlackTitle "IM"]
[WhiteElo "2493"]
[BlackElo "2073"]
[WhiteFideId "13300016"]
[BlackFideId "801399"]
[EventDate "2023.10.25"]

1. d4 d5 2. c4 e6 3. Nc3 c5 4. e3 Nf6 5. Nf3 Nc6 6. a3 dxc4 7. Bxc4 a6 8. Ba2 b5
9. O-O Bb7 10. Qe2 cxd4 11. Rd1 d3 12. Rxd3 Qc7 13. e4 Be7 14. Nd5 exd5 15. exd5
O-O 16. dxc6 Bxc6 17. Bg5 h6 18. Bh4 Ne4 19. Bxe7 Qxe7 20. Nd4 Bb7 21. f3 Rae8
22. fxe4 Bxe4 23. Rd2 Qg5 24. Qf2 Re6 25. Bxe6 1-0

[Event "31st World Senior 65+"]
[Site "Citta del Mare ITA"]
[Date "2023.11.03"]
[Round "9.6"]
[White "Ftacnik, Lubomir"]
[Black "Fernandez Garcia, Jose Luis"]
[Result "1-0"]
[WhiteTitle "GM"]
[BlackTitle "GM"]
[WhiteElo "2451"]
[BlackElo "2379"]
[WhiteFideId "14900017"]
[BlackFideId "2200023"]
[EventDate "2023.10.25"]

1. d4 d5 2. Nf3 Nf6 3. c4 e6 4. Nc3 c5 5. e3 Nc6 6. cxd5 exd5 7. Bb5 cxd4 8.
exd4 Be7 9. Ne5 Bd7 10. O-O O-O 11. Re1 Rc8 12. Bg5 Be8 13. Rc1 Ne4 14. Nxc6
bxc6 15. Bxe7 Qxe7 16. Bd3 Qb4 17. Nxd5 1-0

[Event "31st World Senior 65+"]
[Site "Citta del Mare ITA"]
[Date "2023.11.03"]
[Round "9.7"]
[White "Birnboim, Nathan"]
[Black "Lind, Jan-Olov"]
[Result "1-0"]
[WhiteTitle "IM"]
[WhiteElo "2342"]
[BlackElo "2169"]
[WhiteFideId "2800209"]
[BlackFideId "1701193"]
[EventDate "2023.10.25"]

1. d4 Nf6 2. c4 g6 3. Nc3 Bg7 4. g3 O-O 5. Bg2 d6 6. Nf3 Nbd7 7. O-O a6 8. h3 c5
9. Be3 Rb8 10. a4 b6 11. Qd2 Bb7 12. d5 Ne8 13. Bh6 Nc7 14. e4 Bc8 15. Bxg7 Kxg7
16. Rfb1 a5 17. b3 f6 18. Nh2 Ne5 19. f4 Nf7 20. Nf3 e5 21. dxe6 Bxe6 22. Re1
Re8 23. Rad1 Qe7 24. Qb2 Kg8 25. Qa1 Qf8 26. Nd5 Bxd5 27. cxd5 Qg7 28. Qc3 Rbd8
29. Nd2 Kf8 30. Nc4 Rb8 31. h4 h6 32. Ne3 Red8 33. h5 Nh8 34. hxg6 Qxg6 35. Nf5
Nf7 36. Kf2 Ra8 37. Bf3 b5 38. Rh1 bxa4 39. bxa4 Rab8 40. Bh5 1-0

[Event "31st World Senior 65+"]
[Site "Citta del Mare ITA"]
[Date "2023.11.03"]
[Round "9.8"]
[White "Reprintsev, Alexander"]
[Black "Roos, Jean-Luc"]
[Result "1/2-1/2"]
[WhiteTitle "IM"]
[BlackTitle "IM"]
[WhiteElo "2227"]
[BlackElo "2156"]
[WhiteFideId "14100541"]
[BlackFideId "600601"]
[EventDate "2023.10.25"]

1. e4 c5 2. Nf3 d6 3. Bb5+ Bd7 4. Bxd7+ Qxd7 5. c4 Nf6 6. Nc3 Nc6 7. O-O g6 8.
d4 cxd4 9. Nxd4 Bg7 10. Nc2 O-O 11. Qe2 Rac8 12. b3 Qe6 13. Bd2 a6 14. Rae1 Nd7
15. f4 Nd4 16. Nxd4 Bxd4+ 17. Kh1 Nf6 18. Qd3 Ba7 19. Nd5 Nxd5 20. exd5 Qd7 21.
f5 b5 22. cxb5 Qxb5 23. Qxb5 axb5 24. Rxe7 Bd4 25. Bf4 gxf5 26. Rb7 Be5 27. Bh6
Rb8 28. Rxb8 Rxb8 29. Rxf5 Rc8 30. g3 Rc2 31. a4 bxa4 32. bxa4 f6 33. Rh5 Rc5
34. Rh4 Rxd5 35. Kg2 Kf7 36. Be3 Kg6 37. Rg4+ Kf5 38. Rc4 Rd3 39. Bc1 d5 40. Rc2
Rd4 41. Ra2 Rc4 42. Bd2 Ke4 43. Kf2 Bd4+ 44. Ke2 h5 45. a5 Ba7 46. Rb2 d4 47.
Rb3 Ra4 48. Rf3 Bb8 49. Rxf6 d3+ 50. Kd1 Ra1+ 51. Bc1 Rxa5 52. Re6+ Kf3 53. Kd2
Kg2 54. Kxd3 Kxh2 55. Bf4 Bxf4 56. gxf4 Kg3 57. Rg6+ Kxf4 58. Ke2 Ra2+ 59. Kf1
h4 60. Kg1 1/2-1/2

[Event "31st World Senior 65+"]
[Site "Citta del Mare ITA"]
[Date "2023.11.03"]
[Round "9.10"]
[White "Petran, Peter"]
[Black "Frick, Christoph"]
[Result "1/2-1/2"]
[WhiteTitle "IM"]
[BlackTitle "FM"]
[WhiteElo "2192"]
[BlackElo "2113"]
[WhiteFideId "14900114"]
[BlackFideId "4607090"]
[EventDate "2023.10.25"]

1. Nf3 d5 2. g3 Nf6 3. Bg2 Bf5 4. d3 e6 5. Nbd2 h6 6. b3 Be7 7. Bb2 O-O 8. O-O
Bh7 9. c4 c6 10. a3 a5 11. Qc2 Nbd7 12. Rfe1 Qb6 13. Bd4 Bc5 14. Bxc5 Qxc5 15.
Qb2 Rfe8 16. b4 Qb6 17. Rab1 Ra7 18. b5 Qd8 19. bxc6 bxc6 20. Nd4 Rc7 21. cxd5
cxd5 22. Nb5 Rc6 23. Rec1 Qb6 24. Rxc6 Qxc6 25. Nd4 Qa4 26. N4f3 1/2-1/2

[Event "31st World Senior 65+"]
[Site "Citta del Mare ITA"]
[Date "2023.11.03"]
[Round "9.11"]
[White "Wahlbom, Magnus"]
[Black "Balashov, Yuri S"]
[Result "0-1"]
[BlackTitle "GM"]
[WhiteElo "2150"]
[BlackElo "2390"]
[WhiteFideId "1700685"]
[BlackFideId "4100263"]
[EventDate "2023.10.25"]

1. e4 d6 2. d4 Nf6 3. Nc3 g6 4. Nf3 Bg7 5. Be2 O-O 6. O-O a6 7. a4 Nc6 8. Be3 e5
9. Qd2 exd4 10. Nxd4 Re8 11. f3 d5 12. Nxc6 bxc6 13. Rad1 Qe7 14. Bd3 Bb7 15.
Kh1 Rad8 16. Bg5 Qc5 17. Rde1 d4 18. Nd1 Rd7 19. b3 Qf8 20. f4 c5 21. e5 Nd5 22.
f5 Rxe5 23. Rxe5 Bxe5 24. fxg6 hxg6 25. Bxg6 Qg7 26. Bh5 Ne3 27. Nxe3 Qxg5 28.
Rf5 Qxe3 29. Qxe3 dxe3 30. Rxe5 Rd2 31. Rxe3 Rxc2 32. Rg3+ Kf8 33. h4 c4 34.
bxc4 Rxc4 35. Rg4 Rc5 36. Rg5 Rxg5 37. hxg5 a5 38. Kg1 Be4 39. Bd1 Ke7 40. Kf2
Kd6 41. Bb3 Bg6 42. Ke3 Kc5 43. Bd1 Kd5 0-1

[Event "31st World Senior 65+"]
[Site "Citta del Mare ITA"]
[Date "2023.11.03"]
[Round "9.12"]
[White "Pigott, John C"]
[Black "Bergstrom, Rolf"]
[Result "1/2-1/2"]
[WhiteTitle "IM"]
[BlackTitle "FM"]
[WhiteElo "2337"]
[BlackElo "2152"]
[WhiteFideId "400459"]
[BlackFideId "1702386"]
[EventDate "2023.10.25"]

1. Nf3 Nf6 2. c4 b6 3. g3 Bb7 4. Bg2 g6 5. d4 Bg7 6. d5 Na6 7. Nc3 Nc5 8. O-O
O-O 9. Re1 Nfe4 10. Nxe4 Nxe4 11. Qc2 Nc5 12. e4 a5 13. Be3 e5 14. Rab1 d6 15.
Bh3 Bc8 16. Bxc8 Qxc8 17. Kg2 Qg4 18. Bxc5 bxc5 19. h3 Qd7 20. b3 Bh6 21. Nh2 f5
22. Rf1 fxe4 23. Ng4 Bg5 24. Qxe4 Qf5 25. f3 Qxe4 26. fxe4 h5 1/2-1/2

[Event "31st World Senior 65+"]
[Site "Citta del Mare ITA"]
[Date "2023.11.03"]
[Round "9.14"]
[White "Roos, Louis"]
[Black "Meulders, Richard"]
[Result "1-0"]
[WhiteTitle "IM"]
[BlackTitle "FM"]
[WhiteElo "2257"]
[BlackElo "2134"]
[WhiteFideId "600288"]
[BlackFideId "200123"]
[EventDate "2023.10.25"]

1. c4 f5 2. Nc3 Nf6 3. d3 e5 4. g3 Bb4 5. Bd2 O-O 6. Bg2 d6 7. a3 Bxc3 8. Bxc3
a5 9. Nf3 Nc6 10. b4 a4 11. O-O Qe8 12. e3 h6 13. Rc1 e4 14. Ne1 Ne5 15. f4 exf3
16. Nxf3 Neg4 17. Re1 c6 18. h3 Ne5 19. c5 Nxf3+ 20. Qxf3 d5 21. Qf4 Nh5 22. Qh4
Qg6 23. Kh2 Bd7 24. Bf3 Nf6 25. Bd4 Rae8 26. Rg1 Re7 27. Rce1 Qg5 28. Qf4 Rfe8
29. Bd1 Be6 30. Ref1 Qg6 31. g4 fxg4 32. Bxf6 Qxf6 33. Qxf6 gxf6 34. Rxf6 Kg7
35. Rf4 h5 36. hxg4 h4 37. g5 Bg8 38. Rxh4 Rxe3 39. Rh3 d4 40. Bg4 Be6 41. Rxe3
dxe3 42. Bxe6 Rxe6 43. Kg3 Kg6 44. Kf3 e2 45. Kf2 Re7 46. Ke1 Rh7 47. Kd2 Rh3
48. Re1 Kxg5 49. Rxe2 Kf6 50. Kc3 Kf7 51. b5 cxb5 52. Rb2 Ke6 53. Rxb5 Kd5 54.
Rxb7 Kxc5 55. Rb4 Rh1 56. Rxa4 Rc1+ 57. Kd2 Rh1 58. Rc4+ Kd5 59. a4 Ra1 60. Rh4
Kc6 61. Ke3 Ra3 62. Rh6+ Kc7 63. Rh4 Kc6 64. Rg4 Kb7 65. Rc4 Kb6 66. Ke4 Ra1 67.
Kd5 Rh1 68. Rc6+ Kb7 69. Re6 Ra1 70. Re4 Ra3 71. Rb4+ Kc7 72. d4 Ra1 73. Kc5
Rc1+ 74. Rc4 Rd1 75. a5 Kb7 76. d5 Rh1 77. a6+ Kc7 78. d6+ Kd7 79. a7 Ra1 80.
Kb6 Rb1+ 81. Ka5 1-0

[Event "31st World Senior 65+"]
[Site "Citta del Mare ITA"]
[Date "2023.11.03"]
[Round "9.15"]
[White "Furman, Boris"]
[Black "Werner, Clemens"]
[Result "1/2-1/2"]
[WhiteTitle "FM"]
[BlackTitle "FM"]
[WhiteElo "2134"]
[BlackElo "2230"]
[WhiteFideId "4107187"]
[BlackFideId "4604636"]
[EventDate "2023.10.25"]

1. d4 d6 2. Nf3 Bg4 3. c4 Bxf3 4. exf3 c6 5. Nc3 g6 6. Be3 Bg7 7. Be2 Nd7 8. O-O
e6 9. Ne4 Ndf6 10. Bf4 Nxe4 11. fxe4 Ne7 12. d5 e5 13. Be3 O-O 14. dxc6 Nxc6 15.
c5 Nd4 16. cxd6 1/2-1/2

[Event "31st World Senior 65+"]
[Site "Citta del Mare ITA"]
[Date "2023.11.03"]
[Round "9.16"]
[White "Giacomini, Hector"]
[Black "Djuric, Stefan"]
[Result "1/2-1/2"]
[BlackTitle "GM"]
[WhiteElo "2127"]
[BlackElo "2223"]
[WhiteFideId "605352"]
[BlackFideId "900133"]
[EventDate "2023.10.25"]

1. Nf3 c5 2. e3 g6 3. d4 Bg7 4. Be2 Nf6 5. dxc5 Qa5+ 6. Nbd2 Qxc5 7. a3 Qc7 8.
c4 d6 9. Ra2 O-O 10. b3 Na6 11. Bb2 Bd7 12. b4 Rac8 13. O-O Qb8 14. Ra1 Nc7 15.
Rc1 Ne6 16. Qb3 a5 17. Nd4 a4 18. Qa2 Nxd4 19. Bxd4 e5 20. Bb2 Be6 21. Qa1 Rfd8
22. Rfd1 b6 23. c5 bxc5 24. bxc5 dxc5 25. Bxe5 Ng4 26. Bxb8 Bxa1 27. Rxa1 Rxb8
28. Ne4 Ne5 29. Nxc5 Bb3 30. Rxd8+ Rxd8 31. Bb5 Rd2 32. Bxa4 Bxa4 33. Nxa4 Ng4
34. Rf1 Ra2 35. Nc5 Rxa3 1/2-1/2

[Event "31st World Senior 65+"]
[Site "Citta del Mare ITA"]
[Date "2023.11.04"]
[Round "10.1"]
[White "Campora, Daniel H."]
[Black "Vaganian, Rafael A"]
[Result "1/2-1/2"]
[WhiteTitle "GM"]
[BlackTitle "GM"]
[WhiteElo "2343"]
[BlackElo "2493"]
[WhiteFideId "100013"]
[BlackFideId "13300016"]
[EventDate "2023.10.25"]

1. e4 c5 2. Nf3 d6 3. d4 Nf6 4. dxc5 Nxe4 5. cxd6 Nxd6 6. Bf4 e6 7. Be2 Be7 8.
O-O O-O 9. Qd2 f6 10. Bxd6 Qxd6 11. Qxd6 Bxd6 12. Nc3 Nc6 13. Rad1 Bb8 1/2-1/2

[Event "31st World Senior 65+"]
[Site "Citta del Mare ITA"]
[Date "2023.11.04"]
[Round "10.2"]
[White "Knaak, Rainer"]
[Black "Ftacnik, Lubomir"]
[Result "1/2-1/2"]
[WhiteTitle "GM"]
[BlackTitle "GM"]
[WhiteElo "2451"]
[BlackElo "2451"]
[WhiteFideId "4611250"]
[BlackFideId "14900017"]
[EventDate "2023.10.25"]

1. d4 Nf6 2. c4 g6 3. Nc3 d5 4. cxd5 Nxd5 5. e4 Nxc3 6. bxc3 Bg7 7. Qa4+ Nd7 8.
Nf3 O-O 9. Qa3 c5 10. Be2 b6 11. h4 e5 12. d5 Nf6 13. Bg5 h6 14. Bxf6 Qxf6 15.
Qb2 a6 16. Qd2 b5 17. g3 Qd6 18. h5 g5 19. Nh2 f5 20. Rd1 fxe4 21. Qe3 c4 22.
O-O Bf5 23. Rfe1 Rac8 24. Bf1 Rc5 25. Re2 Rxd5 26. Rxd5 Qxd5 27. Rd2 Qc6 28. Bg2
Rc8 29. g4 Bh7 30. Nf1 Bf8 31. Ng3 Qc5 32. Qxc5 Bxc5 33. Nxe4 b4 34. cxb4 Bxb4
35. Rd7 Bxe4 36. Bxe4 c3 37. Rd1 Bc5 38. Kf1 Bd4 39. Ke2 Rb8 40. Rb1 Rb2+ 41.
Rxb2 cxb2 42. f3 Kf7 43. Kd1 Ke7 1/2-1/2

[Event "31st World Senior 65+"]
[Site "Citta del Mare ITA"]
[Date "2023.11.04"]
[Round "10.3"]
[White "Chapman, Terry P D"]
[Black "Nunn, John D M"]
[Result "1/2-1/2"]
[WhiteTitle "FM"]
[BlackTitle "GM"]
[WhiteElo "2284"]
[BlackElo "2560"]
[WhiteFideId "413399"]
[BlackFideId "400017"]
[EventDate "2023.10.25"]

1. d4 Nf6 2. c4 g6 3. Nf3 Bg7 4. g3 O-O 5. Bg2 d6 6. O-O Nc6 7. Nc3 Rb8 8. b3 a6
9. d5 Na5 10. Bg5 c5 11. dxc6 bxc6 12. Qd2 Re8 13. Rad1 Nd7 14. h3 c5 15. Bh6
Bh8 16. Ng5 Nf6 17. Nce4 Bb7 1/2-1/2

[Event "31st World Senior 65+"]
[Site "Citta del Mare ITA"]
[Date "2023.11.04"]
[Round "10.4"]
[White "Legky, Nikolay A"]
[Black "Birnboim, Nathan"]
[Result "1-0"]
[WhiteTitle "GM"]
[BlackTitle "IM"]
[WhiteElo "2348"]
[BlackElo "2342"]
[WhiteFideId "14100312"]
[BlackFideId "2800209"]
[EventDate "2023.10.25"]

1. d4 Nf6 2. c4 e6 3. Nf3 b6 4. Bf4 Bb7 5. e3 Bb4+ 6. Nfd2 O-O 7. a3 Be7 8. Nc3
d5 9. Be2 c5 10. dxc5 bxc5 11. Bf3 Nc6 12. O-O Qd7 13. cxd5 exd5 14. Rc1 Rfd8
15. Na4 c4 16. Re1 h6 17. h3 Bf8 18. Nb1 Na5 19. Nd2 Qe8 20. Nc3 Nc6 21. Nb5
Rac8 22. Nd4 Nxd4 23. exd4 Qb5 24. Rc2 Ne4 25. Nxe4 dxe4 26. Bxe4 Qb6 27. Bxb7
Qxb7 28. Be3 Rd6 29. Qe2 Rg6 30. Qf1 Qd5 31. Rec1 Rgc6 32. g3 a6 33. Qg2 Qd7 34.
d5 R6c7 35. Bf4 Rc5 36. Rd1 Bd6 37. Be3 R5c7 38. Bd4 Qf5 39. Re2 h5 40. Rde1 Rf8
41. g4 Qd3 42. Bc3 h4 43. Re3 Qg6 44. Qe4 Qg5 45. Qf5 Qxf5 46. gxf5 Rc5 47. Rd1
Rd8 48. Re4 Bf8 49. Rxh4 Rcxd5 50. Rxd5 Rxd5 51. Rxc4 f6 52. Rc8 Kf7 53. Rc7+
Kg8 54. Ra7 Rxf5 55. Rxa6 Bc5 56. Ra5 Bxf2+ 57. Kg2 Bc5 58. Be1 Rg5+ 59. Bg3 Rd5
60. Bf2 1-0

[Event "31st World Senior 65+"]
[Site "Citta del Mare ITA"]
[Date "2023.11.04"]
[Round "10.5"]
[White "Madeira, Wagner Martins"]
[Black "Rooze, Jan"]
[Result "1-0"]
[WhiteTitle "FM"]
[BlackTitle "IM"]
[WhiteElo "2012"]
[BlackElo "2245"]
[WhiteFideId "2100797"]
[BlackFideId "200050"]
[EventDate "2023.10.25"]

1. e4 c5 2. c3 Nf6 3. e5 Nd5 4. d4 cxd4 5. Nf3 e6 6. cxd4 d6 7. a3 Be7 8. Bd3
Nd7 9. O-O dxe5 10. dxe5 a5 11. Qa4 Kf8 12. Qc2 h6 13. Nc3 Nxc3 14. Qxc3 Nb6 15.
Be4 Na4 16. Qc2 Nc5 17. Rd1 Qe8 18. Be3 Nxe4 19. Qxe4 g5 20. Rac1 Qb5 21. Rc7
Qe8 22. h4 Bd8 23. Rc3 gxh4 24. Nxh4 Be7 25. Nf3 Bd7 26. Qxb7 Ba4 27. Rdc1 Rb8
28. Qa6 Kg7 29. Qxa5 Rxb2 30. Rc8 Qb5 31. Qa8 Re8 32. Rxe8 Qxe8 33. Rc8 Rb1+ 34.
Kh2 Bd8 35. Rxd8 1-0

[Event "31st World Senior 65+"]
[Site "Citta del Mare ITA"]
[Date "2023.11.04"]
[Round "10.6"]
[White "Koehler, Gerhard2"]
[Black "Balashov, Yuri S"]
[Result "1/2-1/2"]
[BlackTitle "GM"]
[WhiteElo "2183"]
[BlackElo "2390"]
[WhiteFideId "12909700"]
[BlackFideId "4100263"]
[EventDate "2023.10.25"]

1. c4 e5 2. g3 d6 3. Bg2 f5 4. Nc3 Nf6 5. Nf3 Be7 6. d3 O-O 7. O-O Na6 8. Rb1 c6
9. b4 Nc7 10. b5 c5 11. a4 Rb8 12. Qb3 Ne6 13. Nd5 f4 14. e3 fxe3 15. Nxe7+ Qxe7
16. Bxe3 Qf7 17. Qd1 b6 18. Nh4 Bb7 19. a5 g6 20. axb6 axb6 21. Ra1 Bxg2 22.
Nxg2 Qd7 23. Qe2 Rbe8 24. Qa2 Rf7 25. Qa6 Qd8 26. Qa2 d5 27. Qb2 d4 28. Bd2 e4
29. Qc2 exd3 30. Qxd3 Ng4 31. Rae1 Ng7 32. Bf4 Rxe1 33. Nxe1 Nh5 34. Ng2 Qa8 35.
Qe2 Ngf6 36. Re1 Ng7 37. Bg5 Qb7 38. Nf4 Qd7 39. Bxf6 Rxf6 40. Nd5 Rf8 41. Nxb6
Qf7 42. Rf1 Re8 43. Qd3 Nf5 44. Nd5 Nd6 45. b6 Rf8 46. f4 Kg7 47. Re1 Qf5 48.
Qxf5 gxf5 49. Nc7 Rb8 50. Rb1 Nxc4 51. b7 Na3 52. Rb3 c4 53. Rxa3 d3 54. Nd5
Rxb7 55. Ra2 Rb5 56. Nc3 Rb3 57. Nd5 c3 58. Nxc3 Rxc3 59. Ra7+ Kg6 60. Rd7 Rc1+
61. Kf2 Rc2+ 62. Ke3 Rxh2 63. Rxd3 Kf6 1/2-1/2

[Event "31st World Senior 65+"]
[Site "Citta del Mare ITA"]
[Date "2023.11.04"]
[Round "10.7"]
[White "Renman, Nils-Gustaf"]
[Black "Roos, Jean-Luc"]
[Result "1-0"]
[WhiteTitle "IM"]
[BlackTitle "IM"]
[WhiteElo "2324"]
[BlackElo "2156"]
[WhiteFideId "1700367"]
[BlackFideId "600601"]
[EventDate "2023.10.25"]

1. d4 d5 2. c4 e6 3. Nf3 Nf6 4. Nc3 Be7 5. Bg5 O-O 6. e3 h6 7. Bh4 b6 8. cxd5
Nxd5 9. Bxe7 Qxe7 10. Nxd5 exd5 11. Rc1 Be6 12. Be2 c5 13. dxc5 bxc5 14. O-O Nd7
15. Qa4 a5 16. Bb5 Rfb8 17. Rfd1 Nf6 18. Rc2 Bf5 19. Bd3 Bd7 20. Qa3 Rb4 21. b3
a4 22. Rdc1 Rab8 23. Rxc5 axb3 24. axb3 Qd6 25. h3 g6 26. Nd4 Kg7 27. Qa5 Rxb3
28. Nxb3 Rxb3 29. Bc2 Rb6 30. Qc3 Kh7 31. Qd4 Qe7 32. Bd1 Qe6 33. Bf3 Rd6 34.
Rd1 Bc6 35. e4 1-0

[Event "31st World Senior 65+"]
[Site "Citta del Mare ITA"]
[Date "2023.11.04"]
[Round "10.8"]
[White "Roos, Louis"]
[Black "Moen, Ole Christian"]
[Result "1-0"]
[WhiteTitle "IM"]
[BlackTitle "FM"]
[WhiteElo "2257"]
[BlackElo "2157"]
[WhiteFideId "600288"]
[BlackFideId "1500457"]
[EventDate "2023.10.25"]

1. c4 g6 2. g3 Bg7 3. Bg2 e5 4. Nc3 Nc6 5. e3 Nf6 6. Nge2 O-O 7. O-O d6 8. Rb1
a5 9. a3 Bf5 10. d3 Qd7 11. Nd5 Bh3 12. Nxf6+ Bxf6 13. Bxh3 Qxh3 14. Nc3 Bg7 15.
Nd5 Qd7 16. Qa4 Kh8 17. Bd2 f5 18. f4 Qf7 19. Bc3 exf4 20. gxf4 Nd8 21. b4 Bxc3
22. Nxc3 Ne6 23. bxa5 Nc5 24. Qc2 Rxa5 25. d4 Nd7 26. Rxb7 Qxc4 27. Rc1 Qc6 28.
Rb3 Nf6 29. Nd1 Qxc2 30. Rxc2 Nd5 31. Kf2 Rfa8 32. Nc3 Nf6 33. a4 Re8 34. Kf3
Re7 35. Rb8+ Kg7 36. h3 Kf7 37. Rb7 h6 38. Rb5 Ra6 39. d5 c5 40. a5 Rea7 41. Ra2
Ke7 42. e4 fxe4+ 43. Ke3 Kf7 44. h4 Ke7 45. Kd2 Ne8 46. Ra4 Nf6 47. Kc2 Kd7 48.
Ra1 Kc8 49. Kb3 e3 50. Kc4 Ne8 51. Re1 Re7 52. Kd3 Nc7 53. Rb6 Rxa5 54. Rxd6 Ra3
55. Rc6 Rd7 56. d6 Kd8 57. Kc4 Ne8 58. Nb5 Ra4+ 59. Kxc5 Rxf4 60. Rxe3 Rb7 61.
Nd4 Rxh4 62. Ne6+ Kd7 63. Nf8+ Kd8 64. Rc8+ Kxc8 65. Rxe8# 1-0

[Event "31st World Senior 65+"]
[Site "Citta del Mare ITA"]
[Date "2023.11.04"]
[Round "10.9"]
[White "Carvalho, Herbert Abreu"]
[Black "Reprintsev, Alexander"]
[Result "0-1"]
[WhiteTitle "FM"]
[BlackTitle "IM"]
[WhiteElo "2091"]
[BlackElo "2227"]
[WhiteFideId "2100541"]
[BlackFideId "14100541"]
[EventDate "2023.10.25"]

1. Nf3 d5 2. b3 Bf5 3. Bb2 e6 4. g3 Nf6 5. Bg2 h6 6. d3 a5 7. a4 Be7 8. Nbd2 O-O
9. O-O Na6 10. Re1 Bh7 11. e4 c6 12. Ne5 Nc5 13. Qe2 Qc7 14. f4 Rad8 15. Rad1
dxe4 16. d4 Ncd7 17. Nxe4 Nxe4 18. Bxe4 Bxe4 19. Qxe4 Nf6 20. Qe2 b5 21. Qf3
bxa4 22. Nxc6 Rc8 23. Nxe7+ Qxe7 24. bxa4 Qd7 25. d5 Nxd5 26. Qe4 Qc6 27. c4
Qxc4 28. Qe5 Nf6 29. Qxa5 Rc5 30. Qd2 Rd5 31. Qc1 Rxd1 32. Qxc4 Rxe1+ 33. Kf2
Re4 34. Qc2 Ng4+ 35. Kf3 f5 36. h3 Ne3 37. Qc7 Rf7 38. Qc8+ Kh7 39. Be5 Re7 40.
a5 Nc4 41. h4 Nxe5+ 42. fxe5 Rxe5 43. a6 Rd5 44. h5 Rdd7 45. g4 fxg4+ 46. Kxg4
e5 47. Kf3 e4+ 48. Ke3 Rd3+ 49. Ke2 Rd5 50. Qf8 Rde5 51. Qb8 Ra5 52. Qd6 Ree5
53. Qb8 Rxh5 54. a7 Ra2+ 55. Ke3 Rha5 56. Kxe4 Rxa7 57. Kf4 R7a4+ 58. Kg3 R2a3+
59. Kg2 Rg4+ 0-1

[Event "31st World Senior 65+"]
[Site "Citta del Mare ITA"]
[Date "2023.11.04"]
[Round "10.11"]
[White "Hartung-Nielsen, Jens"]
[Black "Hammar, Bengt"]
[Result "1/2-1/2"]
[BlackTitle "FM"]
[WhiteElo "2196"]
[BlackElo "2136"]
[WhiteFideId "1400690"]
[BlackFideId "1700391"]
[EventDate "2023.10.25"]

1. d4 Nf6 2. c4 g6 3. Nc3 d5 4. cxd5 Nxd5 5. e4 Nxc3 6. bxc3 Bg7 7. Bc4 O-O 8.
Ne2 c5 9. O-O Nc6 10. Be3 Qc7 11. Rc1 b6 12. h4 Na5 13. Bd3 e6 14. h5 Bb7 15.
Qd2 Rad8 16. Bh6 Qe7 17. Bxg7 Kxg7 18. h6+ Kg8 19. Qe3 f6 20. f4 Rd7 21. Qg3 f5
22. Qe3 Qh4 23. exf5 exf5 24. dxc5 Qd8 25. Bb5 Re8 26. Qf2 Bc6 27. Bxc6 Nxc6 28.
Nd4 Nxd4 29. cxd4 Rxd4 30. c6 Rd2 31. c7 Rxf2 32. cxd8=Q Rxf1+ 33. Kxf1 Rxd8 34.
Rc7 Rd4 35. Rg7+ Kf8 36. g3 Ra4 37. Rxh7 Rxa2 38. Rh8+ Kf7 39. Kg1 Ra1+ 40. Kg2
Ra2+ 41. Kh3 Ra1 42. Kg2 Ra2+ 43. Kg1 1/2-1/2

[Event "31st World Senior 65+"]
[Site "Citta del Mare ITA"]
[Date "2023.11.04"]
[Round "10.12"]
[White "Martorelli, Antonio"]
[Black "Petran, Peter"]
[Result "0-1"]
[WhiteTitle "IM"]
[BlackTitle "IM"]
[WhiteElo "2073"]
[BlackElo "2192"]
[WhiteFideId "801399"]
[BlackFideId "14900114"]
[EventDate "2023.10.25"]

1. e4 c6 2. d4 d5 3. e5 c5 4. dxc5 e6 5. a3 Bxc5 6. b4 Be7 7. Nf3 Nc6 8. Bd3 f6
9. Bb2 Nxe5 10. Nxe5 fxe5 11. Bxe5 Nf6 12. Nd2 Bd6 13. Bb5+ Kf7 14. Nf3 Rf8 15.
O-O Kg8 16. Bd3 Bxe5 17. Nxe5 Qe8 18. c4 Nd7 19. Qe2 Nxe5 20. Qxe5 dxc4 21. Bxc4
Kh8 22. Rae1 Rf6 23. Re3 Bd7 24. Bd3 Qf7 25. Rh3 g6 26. b5 Kg8 27. Re3 Rc8 28.
a4 b6 29. f4 Qf8 30. g3 Qc5 31. Rd1 Qxe5 32. Rxe5 Rf7 33. Kf2 Rc3 34. Ke3 Bc8
35. Re4 Rfc7 36. Kd2 Kf7 37. Ree1 Kf6 38. Ra1 Bb7 39. Ra2 Bd5 40. Rc2 Rxc2+ 41.
Bxc2 h6 42. h4 Bf3 43. Ra1 Bg4 44. a5 Bf5 45. Bd1 Rd7+ 46. Ke1 h5 47. axb6 axb6
48. Bf3 Rd3 49. Kf2 Rb3 50. Bc6 Rb2+ 51. Ke3 Rb3+ 52. Kd4 Rxg3 53. Ra6 Rg4 54.
Rxb6 Rxf4+ 55. Kc5 Rxh4 56. Rb8 Ke5 57. b6 Bd3 58. Bb5 Be4 59. Rd8 Rh1 60. Bc4
Rc1 61. Kb4 h4 62. Bd3 Rd1 63. Kc5 Bxd3 64. b7 Rc1+ 65. Kb6 Rb1+ 66. Kc7 Rxb7+
67. Kxb7 Be4+ 68. Kb6 g5 69. Rh8 Bg2 70. Kc5 h3 71. Rh5 Kf4 72. Kd4 g4 73. Rh8
e5+ 74. Kd3 Kg3 0-1

[Event "31st World Senior 65+"]
[Site "Citta del Mare ITA"]
[Date "2023.11.04"]
[Round "10.13"]
[White "Fernandez Garcia, Jose Luis"]
[Black "Smith, Robert W"]
[Result "1-0"]
[WhiteTitle "GM"]
[BlackTitle "FM"]
[WhiteElo "2379"]
[BlackElo "2162"]
[WhiteFideId "2200023"]
[BlackFideId "4300190"]
[EventDate "2023.10.25"]

1. e4 c5 2. Nf3 g6 3. d4 cxd4 4. Nxd4 Nc6 5. c4 Nf6 6. Nc3 d6 7. Be2 Nxd4 8.
Qxd4 Bg7 9. Bg5 O-O 10. Qd2 Be6 11. Rc1 Qa5 12. O-O Rfc8 13. b3 a6 14. Bf3 Rab8
15. a4 Qd8 16. Rfe1 Qf8 17. Nd5 Bxd5 18. exd5 h6 19. Be3 b6 20. h4 a5 21. Bd1
Rc7 22. Bc2 h5 23. Bg5 Nh7 24. Re4 Nf6 25. Rf4 Qd8 26. Re1 Rbb7 27. Bd3 Nh7 28.
Rfe4 Bf6 29. R4e2 Qf8 30. g3 Qg7 31. Rf1 Rb8 32. Kg2 Re8 33. Bh6 Bc3 34. Bxg7
Bxd2 35. Bd4 Bb4 36. Bxb6 Rb7 37. Bd4 Kf8 38. Bc2 Nf6 39. f4 Bc5 40. Bxc5 dxc5
41. f5 Kg7 42. fxg6 fxg6 43. Re6 Rf8 44. Rfe1 Rf7 45. R1e2 Ra7 46. Rc6 Ra8 47.
Rxc5 Raf8 48. Rc7 Ng4 49. Rcxe7 Rxe7 50. Rxe7+ 1-0

[Event "31st World Senior 65+"]
[Site "Citta del Mare ITA"]
[Date "2023.11.04"]
[Round "10.14"]
[White "Bergstrom, Rolf"]
[Black "Jansa, Vlastimil"]
[Result "1/2-1/2"]
[WhiteTitle "FM"]
[BlackTitle "GM"]
[WhiteElo "2152"]
[BlackElo "2358"]
[WhiteFideId "1702386"]
[BlackFideId "300128"]
[EventDate "2023.10.25"]

1. e4 c5 2. c3 Nf6 3. e5 Nd5 4. Nf3 e6 5. Bc4 b6 6. O-O Bb7 7. d4 Be7 8. dxc5
bxc5 9. Nbd2 f5 10. exf6 gxf6 11. Ne4 O-O 12. Bh6 Rf7 13. Re1 Na6 14. Bf1 Nac7
15. c4 Nb4 16. a3 Bxe4 17. Rxe4 Nc6 18. Re2 f5 19. Bf4 Ne8 20. Ne5 1/2-1/2